| 000 | 00494nam a22001817a 4500 | ||
|---|---|---|---|
| 003 | CEME | ||
| 005 | 20210628202217.0 | ||
| 008 | 210317b xxu||||| |||| 00| 0 eng d | ||
| 020 | _a0-13-213018-1 | ||
| 040 | _c. | ||
| 082 | _a621.38041 KIL'D | ||
| 100 |
_aKiller, Harold B _958776 |
||
| 245 | _aDigital communication with fiber optics and satellite applications | ||
| 260 |
_aNEWJERSCY _bPRENTICE HALL _c1987 |
||
| 300 | _a349P | ||
| 650 |
_aDIGITAL COMMUNICATION _9718 |
||
| 942 |
_cBK _2ddc |
||
| 999 |
_c568893 _d568893 |
||